Online Catalogue and eLibrary

The Film Greats (Record no. 1173)

MARC details
000 -LEADER
fixed length control field 00399nam a2200169Ia 4500
005 - DATE AND TIME OF LATEST TRANSACTION
control field 20250325045707.0
008 - FIXED-LENGTH DATA ELEMENTS--GENERAL INFORMATION
fixed length control field 240331s9999 xx 000 0 und d
020 ## - INTERNATIONAL STANDARD BOOK NUMBER
ISBN 0708830625
082 ## - DDC Classification
Class No. 302.234
Item Number - Author Mark NOR
DDC Edition Number 1379
100 ## - MAIN ENTRY--PERSONAL NAME
Personal name Norman, B
245 #4 - TITLE STATEMENT
Title The Film Greats
260 ## - PUBLICATION, DISTRIBUTION, ETC.
Place of publication, distribution, etc. London,
Name of publisher, distributor, etc. Futura Publications
Date of publication, distribution, etc. 1985
300 ## - PHYSICAL DESCRIPTION
Extent (e.g. Volumes, Pages etc.) viii, 252 p.,
650 ## - SUBJECT ADDED ENTRY--TOPICAL TERM
Topical term or geographic name entry element Cinema
650 ## - SUBJECT ADDED ENTRY--TOPICAL TERM
Topical term or geographic name entry element Media
942 ## - Koha item type (Biblio)
Koha item type Books in Stacks (Lending)
Holdings
Lost status Damaged status Collection code Home library Current library Shelving location Date acquired Full call number Accession Number Item type
    Lending WERC Library WERC Library Social Science Cupboard 03/31/2024 302.234 NOR 1379 Books in Stacks (Lending)

© WERC Library